[Event "Aguascalientes"]
[Site "Aguascalientes"]
[Date "2009.08.16"]
[Round "8"]
[White "Lopez Ibarra, Ricardo"]
[Black "Ornelas Lopez, Fernando Mauricio"]
[Result "0-1"]
[WhiteElo "1491"]
[BlackElo "1919"]
[PlyCount "98"]
[EventDate "2009.08.14"]
[EventType "tourn"]
[EventRounds "9"]
[EventCountry "MEX"]
[SourceTitle "EXT 2024"]
[Source "ChessBase"]
[SourceDate "2023.10.10"]
[SourceVersion "1"]
[SourceVersionDate "2023.10.10"]
[SourceQuality "1"]

1. d4 Nf6 2. c4 e6 3. Nc3 Bb4 4. Bg5 c5 5. e3 Qa5 6. Bxf6 Bxc3+ 7. bxc3 Qxc3+ 8. Ke2 gxf6 9. Rc1 Qa5 10. Qc2 cxd4 11. exd4 Nc6 12. Nf3 b6 13. Kd1 Bb7 14. Bd3 Nb4 15. Qc3 Qa4+ 16. Bc2 Nxc2 17. Qxc2 Qxc2+ 18. Rxc2 Rg8 19. Ne1 Ke7 20. f3 Rac8 21. Nd3 Rxg2 22. Rxg2 Bxf3+ 23. Kd2 Bxg2 24. Rc1 Be4 25. c5 Bxd3 26. Kxd3 e5 27. dxe5 fxe5 28. Ke4 Rxc5 29. Rxc5 bxc5 30. Kxe5 c4 31. Kd4 d5 32. h3 Kd6 33. a4 a5 34. h4 h5 35. Kc3 Ke5 36. Kd2 Ke4 37. Kc3 Ke3 38. Kc2 d4 39. Kd1 Kd3 40. Kc1 Ke2 41. Kb2 d3 42. Ka1 d2 43. Kb2 d1Q 44. Kc3 Qd3+ 45. Kb2 Qb3+ 46. Kc1 Qc3+ 47. Kb1 Qd2 48. Ka1 c3 49. Kb1 Qb2# 0-1

[Event "Aguascalientes"]
[Site "Aguascalientes"]
[Date "2009.08.15"]
[Round "5"]
[White "Ruiz Barcenas, Oscar Jesus"]
[Black "Ornelas Lopez, Fernando Mauricio"]
[Result "0-1"]
[WhiteElo "1645"]
[BlackElo "1919"]
[PlyCount "40"]
[EventDate "2009.08.14"]
[EventType "tourn"]
[EventRounds "9"]
[EventCountry "MEX"]
[SourceTitle "EXT 2024"]
[Source "ChessBase"]
[SourceDate "2023.10.10"]
[SourceVersion "1"]
[SourceVersionDate "2023.10.10"]
[SourceQuality "1"]

1. d4 Nf6 2. c4 e6 3. Nc3 Bb4 4. Nf3 Ne4 5. Qc2 f5 6. e3 b6 7. Bd3 Bb7 8. 0-0 Bxc3 9. bxc3 0-0 10. Nd2 Qh4 11. f3 Ng5 12. Ba3 Rf6 13. g3 Qh5 14. Be2 Rg6 15. Be7 f4 16. exf4 Nh3+ 17. Kh1 Rh6 18. Bh4 Nxf4 19. Ne4 Ng6 20. f4 Qf5 0-1

[Event "Aguascalientes"]
[Site "Aguascalientes"]
[Date "2009.08.14"]
[Round "1"]
[White "Gongora Montes, Benjamin"]
[Black "Ornelas Lopez, Fernando Mauricio"]
[Result "1/2-1/2"]
[WhiteElo "2217"]
[BlackElo "1919"]
[PlyCount "48"]
[EventDate "2009.08.14"]
[EventType "tourn"]
[EventRounds "9"]
[EventCountry "MEX"]
[SourceTitle "EXT 2024"]
[Source "ChessBase"]
[SourceDate "2023.10.10"]
[SourceVersion "1"]
[SourceVersionDate "2023.10.10"]
[SourceQuality "1"]

1. e4 c5 2. d4 cxd4 3. c3 dxc3 4. Nxc3 Nc6 5. Nf3 d6 6. Bc4 e6 7. 0-0 a6 8. Qe2 b5 9. Bb3 Ra7 10. Rd1 Rd7 11. Bg5 Be7 12. Bxe7 Qxe7 13. Rac1 Bb7 14. Nd4 Nxd4 15. Rxd4 Nf6 16. a4 e5 17. Rdd1 0-0 18. axb5 axb5 19. f3 b4 20. Na4 Rb8 21. Nb6 Rdd8 22. Qe3 Ba6 23. Nd5 Nxd5 24. Rxd5 Bc8 1/2-1/2